Problemas de microeconomía / (Registro nro. 5737)
[ vista simple ]
| 000 -LEADER | |
|---|---|
| fixed length control field | 00910nam a2200241Ia 4500 |
| 003 - CONTROL NUMBER IDENTIFIER | |
| control field | OSt |
| 005 - DATE AND TIME OF LATEST TRANSACTION | |
| control field | 20200605110850.0 |
| 008 - FIXED-LENGTH DATA ELEMENTS--GENERAL INFORMATION | |
| fixed length control field | 191128s1971 mx ad gr 000 0dspa d |
| 040 ## - CATALOGING SOURCE | |
| Original cataloging agency | CO-JMCR |
| Transcribing agency | CO-JMCR |
| 041 0# - LANGUAGE CODE | |
| Language code of text/sound track or separate title | spa |
| 082 04 - DEWEY DECIMAL CLASSIFICATION NUMBER | |
| Classification number | 330.1 / |
| Item number | D323p |
| Edition number | 23 |
| 100 1# - MAIN ENTRY--PERSONAL NAME | |
| Personal name | Dieguez, Héctor L., |
| Relator term | autor |
| 9 (RLIN) | 4975 |
| 245 10 - TITLE STATEMENT | |
| Title | Problemas de microeconomía / |
| Statement of responsibility, etc. | Héctor L. Dieguez, Alberto Porto |
| 260 ## - PUBLICATION, DISTRIBUTION, ETC. | |
| Place of publication, distribution, etc. | México ; Buenos Aires : |
| Name of publisher, distributor, etc. | Amorrortu : Centro Regional de Ayuda Técnica, |
| Date of publication, distribution, etc. | 1971 |
| 300 ## - PHYSICAL DESCRIPTION | |
| Extent | 283 páginas : |
| Other physical details | gráficos a blanco y negro ; |
| Dimensions | 22 cm. |
| 490 ## - SERIES STATEMENT | |
| Series statement | Biblioteca de economía política |
| 504 ## - BIBLIOGRAPHY, ETC. NOTE | |
| Bibliography, etc. note | Bibliografía: páginas 278-280 |
| 505 ## - FORMATTED CONTENTS NOTE | |
| Formatted contents note | Producción -- Programación lineal -- Mercados -- Consumo -- Asignación de recursos |
| 650 14 - SUBJECT ADDED ENTRY--TOPICAL TERM | |
| Topical term or geographic name entry element | Microeconomía |
| General subdivision | Mercado |
| 9 (RLIN) | 4976 |
| 650 24 - SUBJECT ADDED ENTRY--TOPICAL TERM | |
| Topical term or geographic name entry element | Consumo |
| General subdivision | Plan de producción |
| 9 (RLIN) | 4977 |
| 700 1# - ADDED ENTRY--PERSONAL NAME | |
| Personal name | Porto, Alberto, |
| Relator term | autor |
| 9 (RLIN) | 4978 |
| 942 ## - ADDED ENTRY ELEMENTS (KOHA) | |
| Source of classification or shelving scheme | Dewey Decimal Classification |
| Koha item type | Books |
| Withdrawn status | Lost status | Source of classification or shelving scheme | Materials specified (bound volume or other part) | Damaged status | Not for loan | Home library | Current library | Shelving location | Date acquired | Source of acquisition | Cost, normal purchase price | Total Checkouts | Full call number | Barcode | Date last seen | Date last checked out | Copy number | Price effective from | Koha item type |
|---|---|---|---|---|---|---|---|---|---|---|---|---|---|---|---|---|---|---|---|
| Dewey Decimal Classification | Donación--15/04/2018-- | Biblioteca Pública José María del Castillo y Rada | Biblioteca Pública José María del Castillo y Rada | General Stacks | 11/28/2019 | Donación | 0.00 | 1 | 330.1 / D323p | 430004085 | 12/12/2024 | 12/12/2024 | Ej.1 | 11/28/2019 | Books |